<?xml version="1.0" encoding="UTF-8"?>
<record
    xmlns:xsi="http://www.w3.org/2001/XMLSchema-instance"
    xsi:schemaLocation="http://www.loc.gov/MARC21/slim http://www.loc.gov/standards/marcxml/schema/MARC21slim.xsd"
    xmlns="http://www.loc.gov/MARC21/slim">

  <leader>00470nam a22001577a 4500</leader>
  <controlfield tag="003">OSt</controlfield>
  <controlfield tag="005">20260429133504.0</controlfield>
  <controlfield tag="008">260429b        |||||||| |||| 00| 0 eng d</controlfield>
  <datafield tag="040" ind1=" " ind2=" ">
    <subfield code="c">Donated</subfield>
  </datafield>
  <datafield tag="082" ind1=" " ind2=" ">
    <subfield code="2">1st</subfield>
    <subfield code="a">658/San</subfield>
    <subfield code="b">SBPIMD301</subfield>
  </datafield>
  <datafield tag="100" ind1=" " ind2=" ">
    <subfield code="a">&#x938;&#x93E;&#x928;&#x947; &#x917;&#x941;&#x930;&#x941;&#x91C;&#x940; </subfield>
    <subfield code="9">2381</subfield>
  </datafield>
  <datafield tag="245" ind1=" " ind2=" ">
    <subfield code="a">&#x938;&#x94B;&#x928;&#x938;&#x93E;&#x916;&#x933;&#x940; &#x935; &#x907;&#x924;&#x930; &#x915;&#x925;&#x93E;</subfield>
    <subfield code="h">&#x92E;&#x930;&#x93E;&#x920;&#x940; </subfield>
  </datafield>
  <datafield tag="260" ind1=" " ind2=" ">
    <subfield code="a">Kolhapur</subfield>
    <subfield code="b">Riya Publications</subfield>
    <subfield code="c">2011</subfield>
  </datafield>
  <datafield tag="300" ind1=" " ind2=" ">
    <subfield code="a">208</subfield>
  </datafield>
  <datafield tag="942" ind1=" " ind2=" ">
    <subfield code="2">ddc</subfield>
    <subfield code="c">DBK</subfield>
    <subfield code="e">1st</subfield>
    <subfield code="k">658</subfield>
    <subfield code="m">San</subfield>
    <subfield code="n">0</subfield>
  </datafield>
  <datafield tag="999" ind1=" " ind2=" ">
    <subfield code="c">203515</subfield>
    <subfield code="d">203515</subfield>
  </datafield>
  <datafield tag="952" ind1=" " ind2=" ">
    <subfield code="r">2026-04-29 13:37:13</subfield>
    <subfield code="l">0</subfield>
    <subfield code="o">658/San</subfield>
    <subfield code="p">SBPIMD301</subfield>
    <subfield code="w">2026-04-29</subfield>
    <subfield code="y">DBK</subfield>
    <subfield code="z">Management</subfield>
    <subfield code="1">0</subfield>
    <subfield code="2">ddc</subfield>
    <subfield code="4">0</subfield>
    <subfield code="7">0</subfield>
    <subfield code="0">0</subfield>
    <subfield code="a">SBPIM</subfield>
    <subfield code="b">SBPIM</subfield>
    <subfield code="c">GEN</subfield>
    <subfield code="d">2026-04-27</subfield>
    <subfield code="g">200.00</subfield>
    <subfield code="C">Donated</subfield>
    <subfield code="N">200</subfield>
    <subfield code="L">MARATHI</subfield>
  </datafield>
</record>
